<?xml version="1.0" encoding="UTF-8"?>
<marc:record xmlns:marc="http://www.loc.gov/MARC21/slim">
   <marc:leader>00000nam a2200000 a 4500</marc:leader>
   <marc:datafield ind1="1" ind2=" " tag="100">
      <marc:subfield code="a">Fromm, Erich</marc:subfield>
      <marc:subfield code="4">aut</marc:subfield>
      <marc:subfield code="e">Verfasser/-in</marc:subfield>
   </marc:datafield>
   <marc:datafield ind1=" " ind2=" " tag="653">
      <marc:subfield code="a">Liebe</marc:subfield>
   </marc:datafield>
   <marc:datafield ind1="0" ind2="0" tag="245">
      <marc:subfield code="a">Die Kunst des Liebens</marc:subfield>
   </marc:datafield>
   <marc:datafield ind1="0" ind2="0" tag="245">
      <marc:subfield code="b">mit einem Sach- und Personenregister</marc:subfield>
   </marc:datafield>
   <marc:datafield ind1="0" ind2="0" tag="245">
      <marc:subfield code="c">Erich Fromm ; aus dem Englischen übersetzt von Liselotte und Ernst Mickel</marc:subfield>
   </marc:datafield>
   <marc:datafield ind1=" " ind2="1" tag="264">
      <marc:subfield code="a">Zürich</marc:subfield>
      <marc:subfield code="b">Manesse Verlag</marc:subfield>
      <marc:subfield code="c">2016</marc:subfield>
   </marc:datafield>
   <marc:datafield ind1="1" ind2=" " tag="520">
      <marc:subfield code="a">Angaben aus der Verlagsmeldung

Die Kunst des Liebens The Art of Loving / von Erich Fromm

Wie lässt sich in einer Zeit der Schnelllebigkeit und der Vereinzelung die ersehnte innige Verbundenheit zwischen zwei Menschen erreichen? Gibt es doch, so Erich Fromm, 'kaum ein Unterfangen, das mit so ungeheuren Ho nungen und Erwartungen begonnen wird und das mit einer solchen Regelmäßigkeit fehlschlägt wie die Liebe.' In seinem weltberühmten Essay beschreibt Fromm die Liebe als eine Kunst, die man erlernen kann. Umfassend und anschaulich ergründet er das Wesen der Liebe – nicht nur der erotischen Liebe, sondern auch der zwischen Mutter und Kind, zum Nächsten, zu sich selbst und zu Gott. Das Buch ist ein eindringlicher Appell an seine Leser, die Wände niederzureißen, die sie von ihren Mitmenschen trennen.
</marc:subfield>
   </marc:datafield>
   <marc:datafield ind1=" " ind2=" " tag="020">
      <marc:subfield code="a">9783717560029</marc:subfield>
      <marc:subfield code="9">9783717560029</marc:subfield>
   </marc:datafield>
   <marc:datafield ind1=" " ind2=" " tag="020">
      <marc:subfield code="a">3717560026</marc:subfield>
      <marc:subfield code="9">3717560026</marc:subfield>
   </marc:datafield>
   <marc:datafield ind1=" " ind2=" " tag="041">
      <marc:subfield code="a">ger</marc:subfield>
   </marc:datafield>
   <marc:datafield ind1=" " ind2=" " tag="300">
      <marc:subfield code="a">187 Seiten</marc:subfield>
   </marc:datafield>
</marc:record>
